00710nam a22001937a 450000500170000000800410001701000150005802000260007303500130009903700130011204000130012508200150013810000320015324501230018526000460030827000720035430000240042650000660045020130501151210.0130422b xxu||||| |||| 00| 0 eng d aENG-106961 a9788177083255c635.00 aEN-90494 bDBAD/PUB aDPLbEng a305.420954 aPangannavar, Arjun Yallappa aSelf-help groups (SHGs) and women empowerment in India / by Arjun Yallappa Pangannavarc by Arjun Yallappa Pangannavar aNew DelhibNew Century Publicationsc2012 a4800/24, Bharat Ram Road, Ansari Road Darya GanjbNew Delhie110002 aXIX,187p.c23cm(Hb) aIncludes bibliographical references (p. [173]-179) and index.